000
00184 a2200097 4500
020
_a
070993007508
041
_a
eng
100
_a
Nicholas Sparks
245
_a
The Guardian
942
_c
BK
999
_c
12057
_d
12057